000 00541nam a22002057a 4500
003 SISC
005 20160303092500.0
008 130723t xxu||||| |||| 00| 0 eng d
020 _a18532617
050 _aPZ 8
_b.G864 1996
082 _aCLA
_bG88g 1996
100 _aGrimm, J.L.C.
_93347
245 _aGrimm's fairy tales /
_cJ.L.C. & W.C. Grimm.
260 _aGreat Britain :
_bWordsworth,
_c c1993 (1996 rprntd).
300 _a272 p. ;
_c18 cm.
562 _e1
700 _aGrimm, J.L.C.
_93348
942 _2lcc
_cBK
999 _c7532
_d7532